| 000 -LEADER |
| fixed length control field |
00864nam a22001577a 4500 |
| 008 - FIXED-LENGTH DATA ELEMENTS--GENERAL INFORMATION |
| fixed length control field |
231114b ||||| |||| 00| 0 eng d |
| 100 ## - MAIN ENTRY--PERSONAL NAME |
| Personal name |
Ambedkar, Bhimrao Ramji |
| 245 ## - TITLE STATEMENT |
| Title |
Transformative constitutionalism in India: The role of judiciary |
| 260 ## - PUBLICATION, DISTRIBUTION, ETC. (IMPRINT) |
| Place of publication, distribution, etc |
Journal of the Indian Law Institute |
| 300 ## - PHYSICAL DESCRIPTION |
| Extent |
64(3), Jul-Sep, 2023: p.373-386 |
| 520 ## - SUMMARY, ETC. |
| Summary, etc |
The Indian Consultation reflects a careful balance between the need for compliance with procedural norms vis-à-vis the flexibility in catering to the demands of the ever-changing society. The beauty lies in this rigid-cum-flexible operation of the constitution that allows it to function effectively as a living document. – Reproduced |
| 650 ## - SUBJECT ADDED ENTRY--TOPICAL TERM |
| Topical term or geographic name as entry element |
Transformative constitutionalism, Judiciary |
| 9 (RLIN) |
46059 |
| 773 ## - HOST ITEM ENTRY |
| Main entry heading |
Journal of the Indian Law Institute |
| 906 ## - LOCAL DATA ELEMENT F, LDF (RLIN) |
| Subject DIP |
JUDICIARY |
| 942 ## - ADDED ENTRY ELEMENTS (KOHA) |
| Item type |
Articles |